Public Data Corporation to free up public data and drive innovation (Record no. 82893)

MARC details
000 -LEADER
fixed length control field 01246cab a22002055a 4500
001 - CONTROL NUMBER
control field L152141
008 - FIXED-LENGTH DATA ELEMENTS--GENERAL INFORMATION
fixed length control field 110202e20110112xxk 000 0 eng d
035 ## - SYSTEM CONTROL NUMBER
System control number (Sirsi) u152141
041 0# - LANGUAGE CODE
Language code of text/sound track or separate title eng
110 2# - MAIN ENTRY--CORPORATE NAME
Corporate name or jurisdiction name as entry element Cabinet Office
9 (RLIN) 1071
245 00 - TITLE STATEMENT
Title Public Data Corporation to free up public data and drive innovation
Medium [electronic resource]
260 ## - PUBLICATION, DISTRIBUTION, ETC.
Date of publication, distribution, etc. 2011
490 ## - SERIES STATEMENT
Series statement Cabinet Office News Release
Volume/sequential designation 12 January 2011
520 ## - SUMMARY, ETC.
Summary, etc. Plans for new Public Data Corporation outlined by Minister for the Cabinet Office, Francis Maude and Business Minister Edward Davey. This will bring together government bodies and data into one organisation and provide a level of easily accessible public information. An interesting example of the way public sector information can be used is airTEXT which is an air quality information service which provides alerts for people who live or work in London and who suffer from asthma or other related conditions.
590 ## - LOCAL NOTE (RLIN)
Local note KA
651 #4 - SUBJECT ADDED ENTRY--GEOGRAPHIC NAME
Geographic name United Kingdom
690 ## - LOCAL SUBJECT ADDED ENTRY--TOPICAL TERM (OCLC, RLIN)
Topical term or geographic name as entry element MANAGEMENT-BUSINESS MANAGEMENT-INFORMATION MANAGEMENT
856 40 - ELECTRONIC LOCATION AND ACCESS
Uniform Resource Identifier <a href="https://www.cabinetoffice.gov.uk/news/public-data-corporation-free-public-data-and-drive-innovation">https://www.cabinetoffice.gov.uk/news/public-data-corporation-free-public-data-and-drive-innovation</a>
Public note View the item free of charge at www.cabinetoffice.gov.uk
942 ## - ADDED ENTRY ELEMENTS (KOHA)
Suppress in OPAC 0
Holdings
Withdrawn status Lost status Source of classification or shelving scheme Damaged status Not for loan Home library Current library Shelving location Date acquired Total Checkouts Full call number Barcode Date last seen Copy number Price effective from Koha item type
    Dewey Decimal Classification     Virtual Virtual Online 02/02/2011   ONLINE PUBLICATION 152141-2001 06/08/2019 1 06/08/2019 Journal article